Statistics for South and Central Asia Map Quiz

Click here to take the quiz!

General Stats

  • This quiz has been taken 22,936 times
  • The average score is 11 of 13

Answer Stats

Answer % Correct
India
98%
Maldives
95%
Sri Lanka
94%
Nepal
92%
Pakistan
92%
Bangladesh
91%
Bhutan
90%
Afghanistan
89%
Kazakhstan
89%
Tajikistan
74%
Uzbekistan
72%
Kyrgyzstan
71%
Turkmenistan
65%

Score Distribution

Percentile by Number Answered

Percent of People with Each Score

Your Score History

You have not taken this quiz